书目信息 |
| 题名: |
新编语言罐头
|
|
| 作者: | 苏冠群 , 李秀兰 著 | |
| 分册: | ||
| 出版信息: | 呼和浩特 内蒙古人民出版社 2003.02 |
|
| 页数: | 490页 | |
| 开本: | 21cm | |
| 丛书名: | 语言罐头书系 | |
| 单 册: | ||
| 中图分类: | H136.4 | |
| 科图分类: | ||
| 主题词: | 汉语--语义 , 汉语--语义学 , 汉语--词汇 , 训诂 | |
| 电子资源: | ||
| ISBN: | 7-204-04393-6 | |
| 000 | 00856nam0 2200277 45 | |
| 001 | 0304251418 | |
| 005 | 20030425144757.2 | |
| 010 | @a7-204-04393-6@d29.80元 | |
| 100 | @a20030425d2003 km y0chiy0120 ea | |
| 101 | 0 | @achi |
| 105 | @a z 000yy | |
| 200 | 1 | @a新编语言罐头@AXin Bian Yu Yan Guan Tou@e现代人交际场必备@EXian Dai Ren Jiao Ji Chang Bi Bei@f苏冠群,李秀兰著@FSu Guan Qun,Li Xiu Lan Zhu |
| 210 | @a呼和浩特@c内蒙古人民出版社@d2003.02 | |
| 215 | @a490页@d21cm | |
| 225 | @a语言罐头书系 | |
| 410 | @12001 @a语言罐头书系 | |
| 517 | @a现代人交际场必备@AXian Dai Ren Jiao Ji Chang Bi Bei | |
| 606 | 0 | @a汉语@x语义 |
| 606 | 0 | @a汉语@x语义学 |
| 606 | 0 | @a汉语@x词汇 |
| 606 | 0 | @a训诂 |
| 690 | @aH136.4@v3 | |
| 701 | 0 | @a苏冠群@4著 |
| 701 | 0 | @a李秀兰@4著 |
| 801 | @aCN@bPftUser@c20030425 | |
| 905 | @aBZT@b347070-079@dH136.4@e1@f9 | |
| 新编语言罐头:现代人交际场必备/苏冠群,李秀兰著.-呼和浩特:内蒙古人民出版社,2003.02 |
| 490页;21cm.-(语言罐头书系) |
| ISBN 7-204-04393-6:29.80元 |
| ● |
| 相关链接 |
|
|
|
正题名:新编语言罐头
索取号:H136.4/1
 
预约/预借
| 序号 | 登录号 | 条形码 | 馆藏地/架位号 | 状态 | 备注 |
| 1 | 2001740334 | 2001740334 | 样本书库/样005架A面3层3列/ [索取号:H136.4/1] | 在馆 | |
| 2 | 347071 | 200639381 | 中心书库中库/ 中库040架A面2列1层6/ [索取号:H136.4/1] | 在馆 | |
| 3 | 347072 | 200635312 | 中心书库中库/ 中库040架A面2列1层8/ [索取号:H136.4/1] | 在馆 | |
| 4 | 347073 | 230085361 | 中心书库中库/ 中库040架A面2列1层10/ [索取号:H136.4/1] | 在馆 | |
| 5 | 347074 | 230085832 | 中心书库中库/ 中库040架A面2列1层5/ [索取号:H136.4/1] | 在馆 | |
| 6 | 347075 | 200635991 | 中心书库中库/ 中库040架A面2列1层11/ [索取号:H136.4/1] | 在馆 | |
| 7 | 347076 | 230085914 | 中心书库中库/ 中库040架A面2列1层9/ [索取号:H136.4/1] | 在馆 | |
| 8 | 347077 | 200636767 | 中心书库中库/ 中库040架A面2列1层12/ [索取号:H136.4/1] | 在馆 | |
| 9 | 347079 | 200630772 | 中心书库中库/ 中库040架A面2列1层7/ [索取号:H136.4/1] | 在馆 |